Contemporary social problems
| Other Authors: | |
|---|---|
| Format: | Book |
| Published: |
New Dehli :
Alfa Publications ,
2006
|
| Subjects: |
MARC
| LEADER | 00000cam a2200000 7i4500 | ||
|---|---|---|---|
| 001 | 0000032068 | ||
| 005 | 20120510.0 | ||
| 008 | 120510 | ||
| 020 | |a 8189582011 | ||
| 090 | 0 | 0 | |a 361.1 |b CON |
| 245 | 1 | 4 | |a Contemporary social problems |c edited by J. Shivananda |
| 260 | |a New Dehli : |b Alfa Publications , |c 2006 | ||
| 650 | 0 | |a Social ethics | |
| 650 | 0 | |a Social problems | |
| 700 | 1 | |a Shivananda, J. | |
| 999 | |a 0001027841 |b Book |c REFERENCE |e Perbadanan Perpustakaan Awam Johor | ||